comparison of different mulching on eggplant at royal university of agriculture (ការប្រៀបធៀបគំរបធម្មជាតិ់ និង ប្លាស្ទិចប្រភេទផ្សេងៗ ទៅលើដំណាំត្របវែងនៅសាកលវិទ្យាល័យភូមិន្ទកសិកម្ម) (Record no. 884)
[ view plain ]
| 000 -LEADER | |
|---|---|
| fixed length control field | 00724nam a22001577a 4500 |
| 003 - CONTROL NUMBER IDENTIFIER | |
| control field | OSt |
| 005 - DATE AND TIME OF LATEST TRANSACTION | |
| control field | 20150920101753.0 |
| 008 - FIXED-LENGTH DATA ELEMENTS--GENERAL INFORMATION | |
| fixed length control field | 150920b xxu||||| |||| 00| 0 eng d |
| 040 ## - CATALOGING SOURCE | |
| Transcribing agency | RUA |
| 082 ## - DEWEY DECIMAL CLASSIFICATION NUMBER | |
| Classification number | AGR MAK 2008 B037 Or.1 |
| 100 ## - MAIN ENTRY--PERSONAL NAME | |
| 9 (RLIN) | 917 |
| Personal name | MAK, CHANSOPHAL. |
| 245 ## - TITLE STATEMENT | |
| Title | comparison of different mulching on eggplant at royal university of agriculture (ការប្រៀបធៀបគំរបធម្មជាតិ់ និង ប្លាស្ទិចប្រភេទផ្សេងៗ ទៅលើដំណាំត្របវែងនៅសាកលវិទ្យាល័យភូមិន្ទកសិកម្ម) |
| 260 ## - PUBLICATION, DISTRIBUTION, ETC. (IMPRINT) | |
| Place of publication, distribution, etc. | Phnom Penh |
| Name of publisher, distributor, etc. | RUA |
| Date of publication, distribution, etc. | 2008 |
| 300 ## - PHYSICAL DESCRIPTION | |
| Extent | 57p. |
| Other physical details | ill. |
| Dimensions | 29cm. |
| 942 ## - ADDED ENTRY ELEMENTS (KOHA) | |
| Source of classification or shelving scheme | |
| Koha item type | AGR |
| Price effective from | Date last seen | Permanent Location | Not for loan | Date acquired | Source of classification or shelving scheme | Koha item type | Lost status | Withdrawn status | Total Renewals | Date last checked out | Total Checkouts | Shelving location | Damaged status | Barcode | Current Location | Full call number |
|---|---|---|---|---|---|---|---|---|---|---|---|---|---|---|---|---|
| 2015-09-20 | 2015-09-20 | Library Block B | 2015-09-20 | AGR | B037 | RUA002570 | Library Block B | AGR MAK 2008 B037 Or.1 | ||||||||
| 2015-09-20 | 2018-10-24 | Library Block B | 2015-09-20 | AGR | 2018-10-16 | 1 | B037 | RUA002365 | Library Block B | AGR MAK 2008 B037 Or.2 | ||||||
| 2015-09-20 | 2015-09-20 | Library Block B | 2015-09-20 | AGR | B037 | RUA002712 | Library Block B | AGR MAK 2008 B037 Or.3 | ||||||||
| 2015-09-20 | 2020-01-15 | Library Block B | 2015-09-20 | AGR | 2019-12-31 | 1 | B037 | RUA002718 | Library Block B | AGR MAK 2008 B037 Or.4 | ||||||
| 2015-09-20 | 2016-12-21 | Library Block B | 2015-09-20 | AGR | 1 | 2016-10-26 | 1 | B037 | RUA002792 | Library Block B | AGR MAK 2008 B037 Or.5 | |||||
| 2015-09-20 | 2015-09-20 | Library Block B | 2015-09-20 | AGR | B037 | RUA008248 | Library Block B | AGR MAK 2008 B037 Or.6 | ||||||||
| 2015-09-20 | 2024-12-18 | Library Block B | 2015-09-20 | AGR | 2024-12-02 | 2 | B037 | RUA002786 | Library Block B | AGR MAK 2008 B037 Or.7 | ||||||
| 2015-09-20 | 2015-09-20 | Library Block B | 2015-09-20 | AGR | B037 | RUA002075 | Library Block B | AGR MAK 2008 B037 Or.8 | ||||||||
| 2015-09-20 | 2016-01-27 | Library Block B | 2015-09-20 | AGR | 2016-01-06 | 1 | B037 | RUA002377 | Library Block B | AGR MAK 2008 B037 Or.9 | ||||||
| 2015-10-03 | 2024-12-18 | Library Block B | 2015-10-03 | AGR | 2024-12-05 | 1 | B038 | rua015817 | Library Block B | AGR MAK 2008 B037 Or.10 | ||||||
| 2015-10-31 | 2019-08-16 | Library Block B | 2015-10-31 | AGR | 2019-08-13 | 1 | B038 | RUA030620 | Library Block B | AGR MAK 2008 B037 Or.11 |